تاريخ الطبري المسمى تاريخ الأمم و الملوك / (رقم التسجيلة. 135031)

تفاصيل مارك
000 -LEADER
fixed length control field 00712nam a22001817a 4500
005 - DATE AND TIME OF LATEST TRANSACTION
control field 20251108175457.0
008 - FIXED-LENGTH DATA ELEMENTS--GENERAL INFORMATION
fixed length control field 250721s2014 xx 000 0 ara d
082 14 - DEWEY DECIMAL CLASSIFICATION NUMBER
Classification number م/956/ طبر
100 1# - MAIN ENTRY--PERSONAL NAME
Personal name الطبري، ابو جعفر محمد بن جرير بن يزيد الأملي
245 10 - TITLE STATEMENT
Title تاريخ الطبري المسمى تاريخ الأمم و الملوك /
250 ## - EDITION STATEMENT
Edition statement طبعه جديدة مرتبة ومرقمة الاحاديث
264 1# - PRODUCTION, PUBLICATION, DISTRIBUTION, MANUFACTURE, AND COPYRIGHT NOTICE
Place of production, publication, distribution, manufacture بيروت :
Name of producer, publisher, distributor, manufacturer دار ابن جزم،
Date of production, publication, distribution, manufacture, or copyright notice 2014.
300 ## - PHYSICAL DESCRIPTION
Extent مج4.
650 17 - SUBJECT ADDED ENTRY--TOPICAL TERM
Topical term or geographic name as entry element التاريخ الاسلامي
700 1# - ADDED ENTRY--PERSONAL NAME
Personal name القيسي، إياد بن عبد اللطيف بن ابراهيم
Relator term محقق
942 ## - ADDED ENTRY ELEMENTS (KOHA)
Source of classification or shelving scheme Dewey Decimal Classification
Koha item type مراجع
المقتنيات
حالة السحب حالة الفقدان مصدر التصنيف حالة التلف غير قابل للإعارة المكتبة الرئيسية المكتبة الحالية موقع الرف تاريخ التزويد الرقم المتسلسل Total Checkouts رقم الإستدعاء الباركود تاريخ آخر ظهور تاريخ الفاتورة نوع المادة (كوها)
    Dewey Decimal Classification   Not For Loan المكتبة المركزية المكتبة المركزية مراجع 28/07/2025 1631116   م/956/ طبر PLD00389416 28/07/2025 28/07/2025 مراجع
    Dewey Decimal Classification   Not For Loan المكتبة المركزية المكتبة المركزية مراجع 17/05/2016 1631117   م/956/ طبر PLD00389917 28/07/2025 17/05/2016 مراجع
    Dewey Decimal Classification   Not For Loan المكتبة المركزية المكتبة المركزية مراجع 17/05/2016 1631118   م/956/ طبر PLD00389918 28/07/2025 17/05/2016 مراجع
    Dewey Decimal Classification   Not For Loan المكتبة المركزية المكتبة المركزية مراجع 17/05/2016 1631119   م/956/ طبر PLD00389919 28/07/2025 17/05/2016 مراجع
Implemented & Customized by: BBB with SCIT (Smart Chains for Information Technology)

Powered by Koha